00644nam a22001817a 4500003000500000005001700005008004100022020001500063050002200078100002100100245011300121250001200234260008200246300004100328500004100369650003200410650002000442ELib20150526155147.0130219t xxu||||| |||| 00| 0 eng d a9719159316 aRT 98b.R456 2000 aReyala, Jean P.  aCommunity health nursing services in the Department of Health Philippines /cReyala, Jean P. [and 8 others]. a9th ed. aPhilippines :bNational League of Philippine Government Nurses, Inc. ,c2000. a384 pages :billustrations ;c24 cm. aIncludes bibliographical references. aCommunity health services.  aPublic health.